Tomato WRITING flow

Spremljeno u:
Bibliografski detalji
Glavni autor: Kim Hyeonju
Format: Knjiga
Jezik:English
Izdano: TP.HCM 2009
Teme:
Oznake: Dodaj oznaku
Bez oznaka, Budi prvi tko označuje ovaj zapis!
Thư viện lưu trữ: Mạng thư viện Đại học Đà Nẵng
LEADER 00849nam a22002531a 4500
001 000034126
003 10318
005 20151027131607.0
008 151027s2009 000 eng
041 |a eng 
082 |a 420.8  |b KI-H 
100 |a Kim Hyeonju 
245 |a Tomato WRITING flow  |c Kim Hyeonju, Lee Hyejeong,… 
260 |a TP.HCM  |c 2009 
300 |a 349p.: ill ; 30cm 
650 |a Tomato WRITING flow, Tomato , WRITING, Tomato WRITING 
OWN |a LNN 
AVA |a UDN50  |b LNN  |d 420.8 KI-H  |e available  |t Error 5001 Not defined in file expand_doc_bib_avail.  |f 2  |g 0  |h N  |i 0  |k 1 
999 |a From the UDN01 
AVA |a UDN50  |b LNN  |d 420.8 KI-H  |e available  |t Error 5001 Not defined in file expand_doc_bib_avail.  |f 2  |g 0  |h N  |i 0  |k 1 
TYP |a Monograph 
980 |a Mạng thư viện Đại học Đà Nẵng